000 00477nam a2200169Ia 4500
008 230917s9999||||xx |||||||||||||| ||und||
020 _cRS1796
040 _e216035
_aMAIN
041 _aEnglish
082 _a801.95 A46A
100 _aAristotle
245 0 _aAristotle`s poetics: A translation and commentary for students of literature
260 _aNew Jersey
_bPrentice-Hall
300 _a1968 p.
500 _a1585 19/06/2014 14303 12/08/2014 Main Budget
942 _cBK
999 _c11694
_d11694